Ecology Click Quiz - Statistics

General Stats
  • This quiz has been taken 101 times
  • The average score is 14 of 18
Answer Stats
Hint Explanation Answer % Correct
Something that is not living and has never lived (e.g. a rock, water) Abiotic
88%
Used to make glucose for most plants Photosynthesis
88%
Something that is, or at one point was, living (e.g. a tree, a frog) Biotic
85%
When one organism kills and eats another (e.g. when a lion hunts down and eats an antelope) Predation
85%
Features that an organism has to help it survive, which can be biotic or abiotic Biotic (e.g. to avoid predators or catch food)
Abiotic (e.g. burrows, dens)
Adaptations
81%
When two individuals of different species compete for the same resource (e.g. different plants in the same area competing for sunlight and water) Competition between species
81%
When two members of the same species compete for the same resource (e.g. two males of the same species compete for a mate) Competition within species
81%
An organism that takes dead material and breaks it down to obtain nutrients (e.g. fungi) Decomposer
81%
When a member of one species benefits at the expense of another organism (e.g. when an oxpecker picks at the scabs of a hippopotamus, drinking its blood) Parasitism
81%
To describe organisms that can photosynthesise "Autotroph, not automobile." - My science teacher Autotroph
77%
When members of two species interact, one benefits and one is unaffected (e.g. when a lion leaves behind a half-eaten carcass and a vulture comes to eat the leftovers) Commensalism
77%
When two species interact and both benefit (e.g. when an oxpecker eats bugs and dandruff off a giraffe, the oxpecker gets a meal while the giraffe gets cleaned) Mutualism
77%
The factors in an organism's surroundings that affect it Environment
73%
Where an organism lives YOUR habitat might be your home. Or not. Habitat
73%
All the individuals of one species that live in one habitat Population
73%
All living organisms in an ecosystem Community
65%
To describe organisms that cannot photosynthesise (e.g. humans) Heterotroph
62%
An organism that feeds on dead organic material (e.g. humans) Detritivore
58%
No matching quizzes found
Score Distribution
Percent of People with Each Score
Percentile by Number Answered
Your Score History
You have not taken this quiz